000 01163nam0a22003251 4500
001 v19\rc\1831221
005 20230118193118.0
035 _a(NLR Aleph) 004926842
090 _a5637319
_c5637319
100 _a20071224d1908 |||y0rusy50 ca
101 0 _arus
102 _aRU
105 _aa z |||c|
200 1 _aСтереоскопическая фотография, ее теория и практика
_eКрат. очерк
_fА.М. Донде
210 _aМосква
_cРус. фотогр. о-во в Москве
_d1908
215 _a140, III с.
_cил.
_d19
320 _aБиблиогр.: "Литературный указатель" (с. 137-139)
532 1 3 _aСтереоскопическая фотография, ее теория и практика
700 1 _aДонде
_bА. М.
_f1871-
_gАбрам Моисеевич
801 0 _aRU
_bNLR
_gpsbo
801 0 _aRU
_bRuMoRGB
_2psbo
801 1 _aRU
_bProSoft-M
_2rusmarc
852 _aNLR
_j37.33.9.8
852 _aNLR
_j129/4356
852 _aNLR
_bМф
_jК1/26008
899 _aRuMoRGB
_jU 31/95
899 _aRuMoRGB
_jU 38/580
942 _cBOOK
980 _aNB